000 00712nam a2200253 i 4500
001 bg
100 1 _aStankiewicz, Włodzimierz.
245 1 0 _aZadania z matematyki dla wyższych uczelni technicznych.
_nCz. A /
_cW. Stankiewicz.
250 _aWyd. 12.
260 _aWarszawa :
_bWydawnictwo Naukowe PWN,
_c2003.
300 _a274, [5] s. :
_bil. ;
_c24 cm.
650 9 _aMatematyka
655 _aĆwiczenia i zadania dla szkół wyższych
015 _aPB 6927/2003
020 _a8301140038 (cz. AB)
040 _cBPK
041 0 _apol
044 _aPOL
080 _a51
080 _a(075.8+076)
920 _a83-01-14003-8 (cz. A-B)
942 _cKS
008 100409s2003 pl a |000 0 pol
999 _c51586
_d51586
856 _uhttp://koha.tu.koszalin.pl/cgi-bin/koha/opac-detail.pl?biblionumber=51586
_yKatalog online BPK